[Event "GER-ch U12"]
[Site "Oberhof"]
[Date "2013.05.24"]
[Round "10"]
[White "Hofmann, Jana"]
[Black "Buermann, Theresia"]
[Result "1/2-1/2"]
[WhiteElo "970"]
[BlackElo "1187"]
[PlyCount "41"]
[EventDate "2013.05.19"]
[EventType "swiss"]
[EventRounds "11"]
[EventCountry "GER"]
[SourceTitle "CBM 154 Extra"]
[Source "ChessBase"]
[SourceDate "2013.06.25"]
[SourceVersion "2"]
[SourceVersionDate "2013.06.25"]
[SourceQuality "1"]

1. e4 e5 2. Nf3 Nf6 3. d3 h6 4. c3 Nc6 5. Be3 d6 6. Be2 Be7 7. Nbd2 0-0 8. 0-0 a5 9. Re1 d5 10. exd5 Nxd5 11. Ne4 Bf5 12. Ng3 Bh7 13. h3 Bf6 14. Qc2 Nde7 15. Nh5 Ng6 16. Nh2 Rb8 17. Ng4 Bg5 18. Bf3 Re8 19. Bxc6 bxc6 20. Qe2 Nf4 21. Qf3 1/2-1/2

[Event "GER-ch U12"]
[Site "Oberhof"]
[Date "2013.05.20"]
[Round "4"]
[White "Reitz, Theresa"]
[Black "Hofmann, Jana"]
[Result "1-0"]
[WhiteElo "1113"]
[BlackElo "970"]
[PlyCount "113"]
[EventDate "2013.05.19"]
[EventType "swiss"]
[EventRounds "11"]
[EventCountry "GER"]
[SourceTitle "CBM 154 Extra"]
[Source "ChessBase"]
[SourceDate "2013.06.25"]
[SourceVersion "2"]
[SourceVersionDate "2013.06.25"]
[SourceQuality "1"]

1. e4 e5 2. Nf3 Nc6 3. Bb5 d6 4. h3 Bd7 5. d3 Nf6 6. 0-0 a6 7. Ba4 Be7 8. c3 h6 9. Be3 0-0 10. Nbd2 Nh5 11. Re1 Bh4 12. Nxh4 Qxh4 13. Nf3 Qf6 14. Bc2 Qg6 15. Nh4 Qf6 16. Qxh5 g5 17. Nf3 Qg7 18. Nh2 Kh7 19. Bd1 f5 20. Qf3 g4 21. Qg3 f4 22. Bxf4 exf4 23. Qh4 g3 24. fxg3 fxg3 25. Nf1 Ne5 26. d4 Nd3 27. Re2 Rf4 28. Qxg3 Qxg3 29. Nxg3 Rg8 30. Nh5 Rh4 31. Nf6+ Kg7 32. Nxg8 Kxg8 33. Bb3+ Kh7 34. e5 Nf4 35. Re3 Bc6 36. Bc2+ Kh8 37. e6 Nxg2 38. Re2 Nf4 39. Re3 Nxh3+ 40. Kf1 Rf4+ 41. Ke2 Bb5+ 42. Bd3 Rf2+ 43. Ke1 Rg2 44. Rd1 Rg1+ 45. Kd2 Rg2+ 46. Re2 Nf2 47. Ke3 Nxd1+ 48. Ke4 Bc6+ 49. d5 Rg4+ 50. Kf5 Rg5+ 51. Kf6 Kg8 52. dxc6 Kh8 53. cxb7 Rg8 54. e7 Re8 55. Bg6 Rg8 56. e8Q Rxe8 57. Rxe8# 1-0